Чехословацкий мятеж и Самарская учредилка / (Record no. 154475)
[ view plain ]
| 000 -LEADER | |
|---|---|
| fixed length control field | 00959nam a2200229 u 4500 |
| 001 - CONTROL NUMBER | |
| control field | 000406579 |
| 003 - CONTROL NUMBER IDENTIFIER | |
| control field | AM-YeHGA |
| 005 - DATE AND TIME OF LATEST TRANSACTION | |
| control field | 20250617132621.0 |
| 008 - FIXED-LENGTH DATA ELEMENTS--GENERAL INFORMATION | |
| fixed length control field | 050127s1933 ||| r 000 0 rus d |
| 040 ## - CATALOGING SOURCE | |
| Original cataloging agency | AM-YeHGA |
| 041 0# - LANGUAGE CODE | |
| Language code of text/sound track or separate title | rus |
| 090 ## - LOCALLY ASSIGNED LC-TYPE CALL NUMBER (OCLC); LOCAL CALL NUMBER (RLIN) | |
| -- | 155873 |
| 100 1# - MAIN ENTRY--PERSONAL NAME | |
| Personal name | Попов, Федор Гаврилович. |
| 245 10 - TITLE STATEMENT | |
| Title | Чехословацкий мятеж и Самарская учредилка / |
| Statement of responsibility, etc. | Ф. Попов ; Истпарт Средневолж. крайкома ВКП (б). |
| 250 ## - EDITION STATEMENT | |
| Edition statement | 2-е изд., испр. и доп. |
| 260 ## - PUBLICATION, DISTRIBUTION, ETC. | |
| Place of publication, distribution, etc. | Москва; |
| -- | Самара : |
| Name of publisher, distributor, etc. | Средневолж. краев. изд-во, |
| Date of publication, distribution, etc. | 1933. |
| 300 ## - PHYSICAL DESCRIPTION | |
| Extent | 224 с. |
| 650 14 - SUBJECT ADDED ENTRY--TOPICAL TERM | |
| Topical term or geographic name entry element | Внутренняя политика Советской власти |
| 650 14 - SUBJECT ADDED ENTRY--TOPICAL TERM | |
| Topical term or geographic name entry element | История |
| Geographic subdivision | Поволжье |
| Chronological subdivision | 1918 г. |
| 653 0# - INDEX TERM--UNCONTROLLED | |
| Uncontrolled term | Чехословацкий мятеж |
| 710 2# - ADDED ENTRY--CORPORATE NAME | |
| Corporate name or jurisdiction name as entry element | Истпарт Средневолжского крайкома ВКП (б) |
| Withdrawn status | Lost status | Damaged status | Not for loan | Collection | Home library | Current library | Date acquired | Total checkouts | Full call number | Barcode | Date last seen | Price effective from | Koha item type | Public note |
|---|---|---|---|---|---|---|---|---|---|---|---|---|---|---|
| General | Fundamental Scientific Library | Fundamental Scientific Library | 28/12/2016 | [947+957]"1918" | 120620794 | 28/12/2016 | 28/12/2016 | Գրքեր / Books | 30 Days Loan |
ՀՀ Գիտությունների ազգային ակադեմիայի հիմնարար գիտական գրադարան = Fundamental Scientific Library of NAS RA
All site content, except where otherwise noted, is licensed under a